000 00821nam a22002297a 4500
999 _c13766
_d13766
003 AR-CdUCM
008 190416b ||||| |||| 00| 0 spa d
040 _aMUNICIPALIDAD PROVINCIAL DEL CUSCO
_cBIBLIOTECA MUNICIPAL DEL CUSCO
041 _heng
082 _a612 /
_bH88
100 _aHugh Begbie, G.
_932306
245 _aLa Visión y el Ojo /
260 _aBuenos Aires :
_bEditorial Universitaria de Buenos Aires ;
_c1972.
300 _a286 páginas ;
_c18cm
440 _aBiblioteca de Divulgación Ciencia Joven
_932307
505 _aContenido: El Greco y su oftalmólogo -- La vara y la lupa -- El reflector -- Líneas, figura y forma...
650 _aVisión
_932308
650 _aMedicina
_93637
700 _aOrbea, Sara Carmen (traducción)
_932309
942 _2ddc
_cLIBROS
945 _anom
_d2019-04-16